Shaw / (Record no. 82848)
[ view plain ]
| 000 -LEADER | |
|---|---|
| fixed length control field | 00562nam a2200205 a 4500 |
| 001 - CONTROL NUMBER | |
| control field | 82848 |
| 003 - CONTROL NUMBER IDENTIFIER | |
| rucl marc code | BD-RjUL |
| 005 - DATE AND TIME OF LATEST TRANSACTION | |
| control field | 20240129152402.0 |
| 008 - FIXED-LENGTH DATA ELEMENTS--GENERAL INFORMATION | |
| fixed length control field | 240129s1951 enk 000 0 eng |
| 035 ## - SYSTEM CONTROL NUMBER | |
| System control number | (BD-RjUL)82848 |
| 040 ## - CATALOGING SOURCE | |
| Original cataloging agency | NNL |
| Transcribing agency | FU |
| Modifying agency | NcGU |
| -- | Uk |
| -- | DLC |
| -- | BD-RjUL |
| Language of cataloging | eng |
| 041 ## - LANGUAGE CODE | |
| Language code of text/sound track or separate title | eng |
| 082 ## - DEWEY DECIMAL CLASSIFICATION NUMBER | |
| Edition number | 23 |
| Classification number | 822.91 |
| Author mark and year | MAS 1951 |
| 100 1# - MAIN ENTRY--PERSONAL NAME | |
| Personal name | MacCarthy, Desmond, |
| Dates associated with a name | 1877-1952 |
| 9 (RLIN) | 11239 |
| 245 10 - TITLE STATEMENT | |
| Title | Shaw / |
| Statement of responsibility, etc. | Desmond MacCarthy |
| 260 ## - PUBLICATION, DISTRIBUTION, ETC. (IMPRINT) | |
| Place of publication, distribution, etc. | London : |
| Name of publisher, distributor, etc. | MacGibbon & Kee, |
| Date of publication, distribution, etc. | 1951. |
| 300 ## - PHYSICAL DESCRIPTION | |
| Pagination | ix, 217p ; |
| Size | 23cm. |
| 600 14 - SUBJECT ADDED ENTRY--PERSONAL NAME | |
| Personal name | Shaw, Bernard, |
| Dates associated with a name | 1856-1950 |
| 942 ## - ADDED ENTRY ELEMENTS (KOHA) | |
| Source of classification or shelving scheme | Dewey Decimal Classification |
| Koha item type | Books |
| Lost status | Source of classification or shelving scheme | Damaged status | Not for loan | Collection code | Permanent Location | Current Location | Shelving location | Date acquired | Source of acquisition | Cost, normal purchase price | Total Checkouts | Full call number | Date last seen | Copy number | Koha item type |
|---|---|---|---|---|---|---|---|---|---|---|---|---|---|---|---|
| Dewey Decimal Classification | Not For Loan | Fiction | Central Library, University of Rajshahi | Central Library, University of Rajshahi | Reading Room | 06/08/1956 | B.H. Blackwell ltd. | 12.60 | 822.91 MAS 1951 | 29/01/2024 | C-1 | Books |